Castelli of San Marino Quiz Stats

 Plays Quiz not verified by Sporcle

Score 0/9 Timer 02:00
0 Plays Today
% Correct
San Marino
97.2%
Serravalle
90.6%
Borgo Maggiore
78.3%
Acquaviva
77.4%
Faetano
73.6%
Montegiardino
69.8%
Domagnano
67%
Fiorentino
67%
Chiesanuova
58.5%

You're not logged in!

Compare scores with friends on all Sporcle quizzes.
OR
Log In

Show Comments

Extras

Created May 10, 2010SourceReportNominate
Tags:san, San Marino

Top Quizzes Today


Score Distribution

Your Account Isn't Verified!

In order to create a playlist on Sporcle, you need to verify the email address you used during registration. Go to your Sporcle Settings to finish the process.

Report this User

Report this user for behavior that violates our Community Guidelines.

Details: